<?xml version="1.0" encoding="UTF-8"?>
<record
    xmlns:xsi="http://www.w3.org/2001/XMLSchema-instance"
    xsi:schemaLocation="http://www.loc.gov/MARC21/slim http://www.loc.gov/standards/marcxml/schema/MARC21slim.xsd"
    xmlns="http://www.loc.gov/MARC21/slim">

  <leader>01035nam a22002657a 4500</leader>
  <controlfield tag="005">20150929102517.0</controlfield>
  <controlfield tag="008">110909s2009    ck ao  gr     000 0 spa d</controlfield>
  <datafield tag="020" ind1=" " ind2=" ">
    <subfield code="a">9789588343365</subfield>
  </datafield>
  <datafield tag="040" ind1=" " ind2=" ">
    <subfield code="a">CO-BoIAVH </subfield>
    <subfield code="c">CO-BoIAVH </subfield>
  </datafield>
  <datafield tag="041" ind1="0" ind2=" ">
    <subfield code="a">spa</subfield>
  </datafield>
  <datafield tag="044" ind1=" " ind2=" ">
    <subfield code="a">ck</subfield>
  </datafield>
  <datafield tag="082" ind1="0" ind2="4">
    <subfield code="a">574.526</subfield>
    <subfield code="b">V722c</subfield>
  </datafield>
  <datafield tag="245" ind1="1" ind2="0">
    <subfield code="a">Caracterizaci&#xF3;n de la biodiversidad de la selva de Matav&#xE9;n / </subfield>
    <subfield code="c">H&#xE9;ctor Villarreal-Leal ... [et al.] ; compilaci&#xF3;n y selecci&#xF3;n de textos Marcela Santamar&#xED;a.</subfield>
  </datafield>
  <datafield tag="260" ind1=" " ind2=" ">
    <subfield code="a">Bogot&#xE1; : </subfield>
    <subfield code="b">Instituto de Investigaci&#xF3;n de Recursos Biol&#xF3;gicos Alexander von Humbolt, </subfield>
    <subfield code="c">2009.</subfield>
  </datafield>
  <datafield tag="300" ind1=" " ind2=" ">
    <subfield code="a">186 p. :  </subfield>
    <subfield code="b">il., fot. ;</subfield>
    <subfield code="c">28 cm. </subfield>
    <subfield code="e">1 DVD.</subfield>
  </datafield>
  <datafield tag="490" ind1="0" ind2=" ">
    <subfield code="a">Colombia, diversa por naturaleza</subfield>
  </datafield>
  <datafield tag="504" ind1=" " ind2=" ">
    <subfield code="a">Incluye bibliograf&#xED;a.</subfield>
  </datafield>
  <datafield tag="650" ind1=" " ind2="4">
    <subfield code="a">Selva</subfield>
    <subfield code="z"> Vichada (Colombia)</subfield>
  </datafield>
  <datafield tag="650" ind1=" " ind2="4">
    <subfield code="a">Diversidad biol&#xF3;gica</subfield>
    <subfield code="z"> Vichada (Colombia)</subfield>
  </datafield>
  <datafield tag="650" ind1=" " ind2="4">
    <subfield code="a">Conservaci&#xF3;n de la diversidad biol&#xF3;gica.</subfield>
  </datafield>
  <datafield tag="700" ind1="1" ind2=" ">
    <subfield code="a">Villareal Leal, H&#xE9;ctor.</subfield>
  </datafield>
  <datafield tag="700" ind1="1" ind2=" ">
    <subfield code="a">Santamar&#xED;a G., Marcela., </subfield>
    <subfield code="e">comp.</subfield>
  </datafield>
  <datafield tag="942" ind1=" " ind2=" ">
    <subfield code="2">ddc</subfield>
    <subfield code="c">LIBRO</subfield>
  </datafield>
  <datafield tag="949" ind1=" " ind2=" ">
    <subfield code="a"> </subfield>
  </datafield>
  <datafield tag="999" ind1=" " ind2=" ">
    <subfield code="c">7352</subfield>
    <subfield code="d">7352</subfield>
  </datafield>
  <datafield tag="952" ind1=" " ind2=" ">
    <subfield code="0">0</subfield>
    <subfield code="1">0</subfield>
    <subfield code="2">ddc</subfield>
    <subfield code="4">0</subfield>
    <subfield code="7">0</subfield>
    <subfield code="8">HUMBOLDT</subfield>
    <subfield code="I">INV2017</subfield>
    <subfield code="a">Bogota</subfield>
    <subfield code="b">Bogota</subfield>
    <subfield code="d">2013-07-08</subfield>
    <subfield code="e">Instituto</subfield>
    <subfield code="g">39000.00</subfield>
    <subfield code="l">1</subfield>
    <subfield code="o">IAVH-574.526 V722c</subfield>
    <subfield code="p">028465</subfield>
    <subfield code="r">2014-03-28 00:00:00</subfield>
    <subfield code="s">2014-03-11</subfield>
    <subfield code="t">Ej. 2</subfield>
    <subfield code="w">2013-07-08</subfield>
    <subfield code="x">Institucional</subfield>
    <subfield code="y">LIBRO</subfield>
  </datafield>
  <datafield tag="952" ind1=" " ind2=" ">
    <subfield code="0">0</subfield>
    <subfield code="1">0</subfield>
    <subfield code="2">ddc</subfield>
    <subfield code="4">0</subfield>
    <subfield code="7">0</subfield>
    <subfield code="8">HUMBOLDT</subfield>
    <subfield code="I">INV2017</subfield>
    <subfield code="a">Bogota</subfield>
    <subfield code="b">Bogota</subfield>
    <subfield code="d">2013-07-08</subfield>
    <subfield code="e">Instituto</subfield>
    <subfield code="g">39000.00</subfield>
    <subfield code="l">2</subfield>
    <subfield code="o">IAVH-574.526 V722c</subfield>
    <subfield code="p">028466</subfield>
    <subfield code="r">2015-02-05 00:00:00</subfield>
    <subfield code="s">2015-02-05</subfield>
    <subfield code="t">Ej. 1</subfield>
    <subfield code="w">2013-07-08</subfield>
    <subfield code="x">Institucional</subfield>
    <subfield code="y">LIBRO</subfield>
  </datafield>
  <datafield tag="952" ind1=" " ind2=" ">
    <subfield code="0">0</subfield>
    <subfield code="1">0</subfield>
    <subfield code="2">z</subfield>
    <subfield code="4">0</subfield>
    <subfield code="7">0</subfield>
    <subfield code="8">HUMBOLDT</subfield>
    <subfield code="a">Bogota</subfield>
    <subfield code="b">Bogota</subfield>
    <subfield code="d">2013-11-19</subfield>
    <subfield code="l">0</subfield>
    <subfield code="o">MM-0389</subfield>
    <subfield code="p">058830</subfield>
    <subfield code="r">2013-11-19 00:00:00</subfield>
    <subfield code="t">Ej. 2</subfield>
    <subfield code="w">2013-11-19</subfield>
    <subfield code="x">Institucional</subfield>
    <subfield code="y">CD-ROM</subfield>
  </datafield>
  <datafield tag="952" ind1=" " ind2=" ">
    <subfield code="0">0</subfield>
    <subfield code="1">0</subfield>
    <subfield code="2">z</subfield>
    <subfield code="4">0</subfield>
    <subfield code="7">0</subfield>
    <subfield code="8">HUMBOLDT</subfield>
    <subfield code="a">Bogota</subfield>
    <subfield code="b">Bogota</subfield>
    <subfield code="d">2013-11-19</subfield>
    <subfield code="l">1</subfield>
    <subfield code="o">MM-0389</subfield>
    <subfield code="p">058829</subfield>
    <subfield code="r">2014-03-28 00:00:00</subfield>
    <subfield code="s">2014-03-11</subfield>
    <subfield code="t">Ej. 1</subfield>
    <subfield code="w">2013-11-19</subfield>
    <subfield code="x">Institucional</subfield>
    <subfield code="y">CD-ROM</subfield>
  </datafield>
  <datafield tag="952" ind1=" " ind2=" ">
    <subfield code="0">0</subfield>
    <subfield code="1">0</subfield>
    <subfield code="2">ddc</subfield>
    <subfield code="4">0</subfield>
    <subfield code="7">0</subfield>
    <subfield code="8">HUMBOLDT</subfield>
    <subfield code="I">INV2017</subfield>
    <subfield code="a">Venado</subfield>
    <subfield code="b">Venado</subfield>
    <subfield code="d">2014-07-25</subfield>
    <subfield code="e">Instituto</subfield>
    <subfield code="g">39000.00</subfield>
    <subfield code="l">0</subfield>
    <subfield code="o">IAVH-574.526 V722c</subfield>
    <subfield code="p">038209</subfield>
    <subfield code="r">2014-07-25 00:00:00</subfield>
    <subfield code="t">Ej. 3</subfield>
    <subfield code="w">2014-07-25</subfield>
    <subfield code="x">Institucional</subfield>
    <subfield code="y">LIBRO</subfield>
  </datafield>
  <datafield tag="952" ind1=" " ind2=" ">
    <subfield code="0">0</subfield>
    <subfield code="1">0</subfield>
    <subfield code="2">ddc</subfield>
    <subfield code="4">0</subfield>
    <subfield code="7">0</subfield>
    <subfield code="8">MEDIOSM</subfield>
    <subfield code="I">INV2017</subfield>
    <subfield code="a">Venado</subfield>
    <subfield code="b">Venado</subfield>
    <subfield code="d">2014-07-25</subfield>
    <subfield code="l">0</subfield>
    <subfield code="o">IAVH-574.526 V722c</subfield>
    <subfield code="p">038210</subfield>
    <subfield code="r">2014-07-25 00:00:00</subfield>
    <subfield code="t">Anexo Ej. 3</subfield>
    <subfield code="w">2014-07-25</subfield>
    <subfield code="x">Institucional</subfield>
    <subfield code="y">CD-ROM</subfield>
  </datafield>
  <datafield tag="952" ind1=" " ind2=" ">
    <subfield code="0">0</subfield>
    <subfield code="1">0</subfield>
    <subfield code="2">z</subfield>
    <subfield code="4">0</subfield>
    <subfield code="7">0</subfield>
    <subfield code="8">RECUREL</subfield>
    <subfield code="a">Bogota</subfield>
    <subfield code="b">Bogota</subfield>
    <subfield code="d">2017-02-13</subfield>
    <subfield code="l">0</subfield>
    <subfield code="o">MM-00389</subfield>
    <subfield code="p">059371</subfield>
    <subfield code="r">2017-02-13 00:00:00</subfield>
    <subfield code="t">Ej. 4</subfield>
    <subfield code="w">2017-02-13</subfield>
    <subfield code="x">Institucional</subfield>
    <subfield code="y">CD-ROM</subfield>
  </datafield>
  <datafield tag="952" ind1=" " ind2=" ">
    <subfield code="0">0</subfield>
    <subfield code="1">0</subfield>
    <subfield code="2">z</subfield>
    <subfield code="4">0</subfield>
    <subfield code="7">0</subfield>
    <subfield code="8">RECUREL</subfield>
    <subfield code="a">Bogota</subfield>
    <subfield code="b">Bogota</subfield>
    <subfield code="d">2017-02-13</subfield>
    <subfield code="l">0</subfield>
    <subfield code="o">MM-00389</subfield>
    <subfield code="p">059373</subfield>
    <subfield code="r">2017-02-13 00:00:00</subfield>
    <subfield code="t">Ej. 5</subfield>
    <subfield code="w">2017-02-13</subfield>
    <subfield code="x">Institucional</subfield>
    <subfield code="y">CD-ROM</subfield>
  </datafield>
</record>
